| 000 | 00402nam a2200121Ia 4500 | ||
|---|---|---|---|
| 008 | 210430s9999 xx 000 0 und d | ||
| 082 | _a330.04 N5321E | ||
| 100 | _aNewnan Donald, Eschenbach Ted G.,Lavelle Jerome P. | ||
| 245 |
_aEngineering Economics Analysis _cNewnan Donald, Eschenbach Ted G.,Lavelle Jerome P. |
||
| 260 |
_aNewYork _bOxford University _c2004 |
||
| 300 | _a592p. | ||
| 942 |
_cREF _2ddc |
||
| 999 |
_c565812 _d565812 |
||